Catálogo

Vista normal Vista MARC

Entrada Personal Name

Número de registros utilizados en: 1

001 - CONTROL NUMBER

  • control field: 17581

003 - CONTROL NUMBER IDENTIFIER

  • control field: DLC

005 - DATE AND TIME OF LATEST TRANSACTION

  • control field: 20251009155654.0

008 - FIXED-LENGTH DATA ELEMENTS

  • fixed length control field: 130121n| acannaabn |a aaa c

010 ## - LIBRARY OF CONGRESS CONTROL NUMBER

  • LC control number: ns2013000264

035 ## - SYSTEM CONTROL NUMBER

  • System control number: (CaEvSKY)skya10105680

040 ## - CATALOGING SOURCE

  • Original cataloging agency: MX-SIUA
  • Language of cataloging: spa
  • Transcribing agency: Mx-PuUPA
  • Modifying agency: Mx-PuUPA
  • Description conventions: rda

100 1# - HEADING--PERSONAL NAME

  • Personal name: Pérez Ramírez, Javier,

373 ## - ASSOCIATED GROUP

  • Associated group: Universidad Autónoma de San Luis Potosí

374 ## - OCCUPATION

  • Occupation: Autor
  • Occupation: Doctor en Ingeniería Eléctrica

375 ## - GENDER

  • Gender: hombre

377 ## - ASSOCIATED LANGUAGE

  • Language code: spa

400 1# - SEE FROM TRACING--PERSONAL NAME

  • Personal name: Ramírez, Javier Pérez

670 ## - SOURCE DATA FOUND

  • Source citation: Aplicación de convertidores multinivel a compensadores estáticos de potencia reactiva STATCOM, 2012:
  • Information found: t.p. (Javier Pérez Ramírez; Universidad Autónoma de San Luis Potosí; Doctor en Ingeniería Eléctrica)